[Event "HUN-chT2 Erkel 1819"]
[Site "Hungary"]
[Date "2019.02.24"]
[Round "6.9"]
[White "Harmatosi, Jozsef"]
[Black "Ruttkay, Peter"]
[Result "1-0"]
[WhiteElo "2106"]
[BlackElo "2094"]
[PlyCount "65"]
[EventDate "2018.10.28"]
[EventType "team-tourn"]
[EventRounds "9"]
[EventCountry "HUN"]
[SourceTitle "EXT 2021"]
[Source "ChessBase"]
[SourceDate "2020.10.23"]
[SourceVersion "1"]
[SourceVersionDate "2020.10.23"]
[SourceQuality "1"]
[WhiteTeam "Gyongyos Energia"]
[BlackTeam "Szada GSBE"]
[WhiteTeamCountry "HUN"]
[BlackTeamCountry "HUN"]

1. d4 g6 2. g3 Bg7 3. Bg2 Nf6 4. Nf3 d6 5. 0-0 0-0 6. c3 c6 7. Nbd2 Nbd7 8. e4 Qc7 9. Re1 e5 10. a4 Re8 11. a5 Nf8 12. dxe5 dxe5 13. Nc4 Bg4 14. h3 Rad8 15. Qc2 Bxf3 16. Bxf3 b5 17. axb6 axb6 18. Be3 c5 19. Qb3 Rb8 20. Qb5 Red8 21. Red1 Ne6 22. Rxd8+ Nxd8 23. Bg5 Ne6 24. Bxf6 Bxf6 25. Ne3 Ng5 26. Bg2 Qd6 27. Rd1 Qf8 28. h4 Ne6 29. Bh3 Nc7 30. Qc6 Bd8 31. Nc4 f6 32. Nxb6 Qe8 33. Nd7 1-0

[Event "HUN-chT2 Erkel 1516"]
[Site "Hungary"]
[Date "2015.09.13"]
[Round "1.3"]
[White "Bakos, Levente"]
[Black "Ruttkay, Peter"]
[Result "0-1"]
[WhiteElo "2140"]
[BlackElo "2102"]
[PlyCount "130"]
[EventDate "2015.09.13"]
[EventType "team-tourn"]
[EventRounds "11"]
[EventCountry "HUN"]
[SourceTitle "CBM 170 Extra"]
[Source "ChessBase"]
[SourceDate "2016.02.25"]
[SourceVersion "1"]
[SourceVersionDate "2016.02.25"]
[SourceQuality "1"]
[WhiteTeam "Andornaktalya"]
[BlackTeam "GSBE"]
[WhiteTeamCountry "HUN"]
[BlackTeamCountry "HUN"]

1. e4 g6 2. d4 Bg7 3. f4 d6 4. Nc3 Nf6 5. h3 Nh5 6. Nge2 e5 7. Be3 exf4 8. Bf2 Nd7 9. Qd3 Bh6 10. Ng1 c6 11. Be2 Nhf6 12. Nf3 b5 13. a3 a5 14. e5 b4 15. axb4 Ba6 16. b5 cxb5 17. exf6 Nxf6 18. Nxb5 0-0 19. 0-0 Re8 20. Rfe1 Ne4 21. Bf1 d5 22. b3 Bf8 23. c4 g5 24. cxd5 Nxf2 25. Rxe8 Qxe8 26. Kxf2 Bxb5 27. Qd2 Bb4 28. Bxb5 Qxb5 29. Qe2 Qxd5 30. Qe5 Qxe5 31. Nxe5 Rc8 32. Nc4 Rd8 33. Rd1 Rd5 34. Kf3 f5 35. Nb6 Rb5 36. Nc4 Kf7 37. d5 Ke7 38. h4 h6 39. hxg5 hxg5 40. d6+ Kd7 41. Rd3 Be1 42. Ke2 Bh4 43. Kf3 Bg3 44. Ke2 g4 45. Kd1 Bh4 46. Kc2 Rc5 47. Rd4 Bg5 48. Kd1 Rb5 49. Kc2 Ke6 50. d7 Rd5 51. Rxd5 Kxd5 52. Kd3 Bd8 53. Nd2 Ke6 54. Kd4 Kxd7 55. Kd5 Bf6 56. Nf1 Ke7 57. Nd2 Bc3 58. Nc4 Kf6 59. Kd6 Bd4 60. Nd2 Be3 61. Nc4 Bc1 62. Ne5 f3 63. gxf3 Bf4 64. fxg4 Bxe5+ 65. Kd5 fxg4 0-1

[Event "HUN-chT2 Erkel 1314"]
[Site "Hungary"]
[Date "2014.03.23"]
[Round "9.5"]
[White "Eberth, Zoltan"]
[Black "Ruttkay, Peter"]
[Result "1-0"]
[WhiteElo "2166"]
[BlackElo "2101"]
[PlyCount "97"]
[EventDate "2013.09.08"]
[EventType "team-tourn"]
[EventRounds "11"]
[EventCountry "HUN"]
[SourceTitle "EXT 2016"]
[Source "ChessBase"]
[SourceDate "2015.10.08"]
[SourceVersion "1"]
[SourceVersionDate "2015.10.08"]
[SourceQuality "1"]
[WhiteTeam "Mezokovesd"]
[BlackTeam "Szada GSBE"]
[WhiteTeamCountry "HUN"]
[BlackTeamCountry "HUN"]

1. e4 g6 2. d4 Bg7 3. Nc3 d6 4. f4 c6 5. Nf3 Bg4 6. Be3 Qb6 7. Qd2 Bxf3 8. gxf3 Nd7 9. Bh3 Nf8 10. 0-0-0 Qa5 11. Kb1 Nf6 12. Rhg1 N6d7 13. f5 b5 14. Bh6 Bxh6 15. Qxh6 Rg8 16. f4 Nb6 17. fxg6 hxg6 18. f5 Nc4 19. Rd3 b4 20. Nd1 Qb6 21. Ne3 Nxe3 22. Qxe3 Rh8 23. Qg3 c5 24. dxc5 Qxc5 25. Bf1 Rc8 26. Rg2 gxf5 27. Rd5 Qb6 28. Bb5+ Kd8 29. Qg7 Ng6 30. Rxg6 fxg6 31. Qxh8+ Kc7 32. Qd4 e6 33. Qxb6+ Kxb6 34. Bd7 exd5 35. Bxc8 dxe4 36. Bxf5 gxf5 37. h4 f4 38. Kc1 Kc5 39. h5 Kd4 40. h6 Ke3 41. h7 f3 42. h8Q f2 43. Qh3+ Ke2 44. Qg4+ Ke3 45. Qd1 d5 46. Qf1 d4 47. Kd1 d3 48. cxd3 exd3 49. Qg2 1-0

[Event "HUN-chT2 Erkel 1314"]
[Site "Hungary"]
[Date "2014.02.16"]
[Round "7.5"]
[White "Trajber, Csaba"]
[Black "Ruttkay, Peter"]
[Result "0-1"]
[WhiteElo "2034"]
[BlackElo "2101"]
[PlyCount "100"]
[EventDate "2013.09.08"]
[EventType "team-tourn"]
[EventRounds "11"]
[EventCountry "HUN"]
[SourceTitle "EXT 2016"]
[Source "ChessBase"]
[SourceDate "2015.10.08"]
[SourceVersion "1"]
[SourceVersionDate "2015.10.08"]
[SourceQuality "1"]
[WhiteTeam "Fot"]
[BlackTeam "Szada GSBE"]
[WhiteTeamCountry "HUN"]
[BlackTeamCountry "HUN"]

1. e4 g6 2. d4 Bg7 3. Nc3 d6 4. f4 a6 5. Nf3 b5 6. Be3 Bb7 7. Bd3 Nd7 8. Ne2 c5 9. c3 Qc7 10. 0-0 Nb6 11. b3 c4 12. Bc2 d5 13. e5 e6 14. Qe1 Ne7 15. Ng5 h6 16. Nh3 Bc8 17. Bc1 Bf8 18. Nf2 h5 19. Nh3 Nf5 20. Ng5 Bd7 21. g3 a5 22. Bd2 Qa7 23. Qf2 Rc8 24. h3 b4 25. g4 hxg4 26. hxg4 Nh6 27. Qf3 bxc3 28. Be3 Qc7 29. Ng3 Ra8 30. f5 gxf5 31. gxf5 exf5 32. Qh5 Bg7 33. Bf4 Qc6 34. Nxf5 Nxf5 35. Qxf7+ Kd8 36. Bxf5 Qh6 37. Nh3 Qh5 38. Bg5+ Kc7 39. Qe7 Bf8 40. Qf6 Bxf5 41. Qxf5 Qxh3 42. Qxh3 Rxh3 43. Rf7+ Kc6 44. Kg2 Rh8 45. Bf4 Ba3 46. Rf6+ Kb5 47. bxc4+ Nxc4 48. Rb1+ Bb2 49. Kf3 Rag8 50. e6 Rf8 0-1

[Event "HUN-chT2 Erkel 1314"]
[Site "Hungary"]
[Date "2014.02.02"]
[Round "6.5"]
[White "Ruttkay, Peter"]
[Black "Bodrogi, Mihaly"]
[Result "1/2-1/2"]
[WhiteElo "2101"]
[BlackElo "2082"]
[PlyCount "143"]
[EventDate "2013.09.08"]
[EventType "team-tourn"]
[EventRounds "11"]
[EventCountry "HUN"]
[SourceTitle "EXT 2016"]
[Source "ChessBase"]
[SourceDate "2015.10.08"]
[SourceVersion "1"]
[SourceVersionDate "2015.10.08"]
[SourceQuality "1"]
[WhiteTeam "Szada GSBE"]
[BlackTeam "Budapest EAC II"]
[WhiteTeamCountry "HUN"]
[BlackTeamCountry "HUN"]

1. Nf3 c5 2. g3 g6 3. Bg2 Bg7 4. c3 Nf6 5. 0-0 0-0 6. d3 d5 7. Nbd2 Nc6 8. e4 e6 9. Re1 Re8 10. e5 Nd7 11. d4 b5 12. Nf1 Rb8 13. Bg5 Qb6 14. Qd2 Ne7 15. Rac1 a5 16. Qf4 Nf5 17. g4 h6 18. gxf5 hxg5 19. Nxg5 gxf5 20. Qh4 Nf8 21. Qh5 Rb7 22. Qh4 c4 23. Ng3 Qd8 24. Nh5 f6 25. exf6 Bxf6 26. f4 Nh7 27. Nxf6+ Qxf6 28. Re3 Rg7 29. Qh5 Ree7 30. h4 Qg6 31. Qxg6 Rxg6 32. Bxd5 Rh6 33. Rce1 Nf8 34. Bc6 Rxh4 35. Rf1 Ng6 36. Rg3 Rg7 37. Nh3 Rxh3 38. Rxh3 Nxf4+ 39. Kh2 Nxh3 40. Kxh3 b4 41. Re1 Rc7 42. Ba4 Rh7+ 43. Kg3 Rg7+ 44. Kf4 Rg2 45. Bb5 Rxb2 46. Bxc4 bxc3 47. Rc1 c2 48. Bb3 Kf7 49. Ke5 Ke7 50. Bxc2 Rxa2 51. Bxf5 Bd7 52. Bd3 Rh2 53. Ke4 Kd6 54. Rc2 Bc6+ 55. Ke3 Rh3+ 56. Kd2 Bd5 57. Rc5 a4 58. Ra5 Bb3 59. Bb5 Rh2+ 60. Kc3 Rc2+ 61. Kb4 Rc1 62. Be2 Bd1 63. Bc4 Rb1+ 64. Ka3 Bb3 65. Ra6+ Ke7 66. Rxe6+ Kd7 67. Bxb3 Rxb3+ 68. Kxa4 Rd3 69. Re4 Kd6 70. Kb4 Kd5 71. Re5+ Kxd4 72. Re8 1/2-1/2

[Event "HUN-chT2 Erkel 0910"]
[Site "Hungary"]
[Date "2010.02.28"]
[Round "7.5"]
[White "Ruttkay, Peter"]
[Black "Koczo, Kristof"]
[Result "0-1"]
[WhiteElo "2151"]
[BlackElo "2200"]
[PlyCount "60"]
[EventDate "2009.11.08"]
[EventType "team-tourn"]
[EventRounds "11"]
[EventCountry "HUN"]
[SourceTitle "EXT 2011"]
[Source "ChessBase"]
[SourceDate "2010.11.26"]
[SourceVersion "1"]
[SourceVersionDate "2010.11.26"]
[SourceQuality "1"]
[WhiteTeam "Godollo"]
[BlackTeam "Budapest MTK"]
[WhiteTeamCountry "HUN"]
[BlackTeamCountry "HUN"]

1. c3 d5 2. d4 Nf6 3. e3 Bf5 4. Nf3 e6 5. Bd3 Bxd3 6. Qxd3 Nbd7 7. Nbd2 Bd6 8. e4 dxe4 9. Nxe4 Nxe4 10. Qxe4 c6 11. 0-0 Nf6 12. Qe2 h6 13. h3 0-0 14. Ne5 Qc7 15. Ng4 Nxg4 16. hxg4 Rae8 17. g5 hxg5 18. Bxg5 e5 19. Qg4 f5 20. Qe2 Qf7 21. dxe5 Rxe5 22. Qd1 Rd5 23. Qb3 Qh5 24. f4 Bc5+ 25. Rf2 Kh7 26. Qc2 Re8 27. b4 Bb6 28. g4 Qxg4+ 29. Kh1 Bxf2 30. Qxf2 Rd3 0-1

[Event "HUN-chT2 Erkel 0910"]
[Site "Hungary"]
[Date "2009.12.20"]
[Round "4.5"]
[White "Varga, Laszlo"]
[Black "Ruttkay, Peter"]
[Result "1-0"]
[WhiteElo "2218"]
[BlackElo "2151"]
[PlyCount "61"]
[EventDate "2009.11.08"]
[EventType "team-tourn"]
[EventRounds "11"]
[EventCountry "HUN"]
[SourceTitle "EXT 2011"]
[Source "ChessBase"]
[SourceDate "2010.11.26"]
[SourceVersion "1"]
[SourceVersionDate "2010.11.26"]
[SourceQuality "1"]
[WhiteTeam "Ujszasz"]
[BlackTeam "Godollo"]
[WhiteTeamCountry "HUN"]
[BlackTeamCountry "HUN"]

1. e4 g6 2. d4 Bg7 3. Nc3 d6 4. f4 a6 5. Nf3 Nd7 6. Bc4 b5 7. Bxf7+ Kf8 8. Ng5 Nb6 9. 0-0 Nf6 10. e5 Ng4 11. Ne6+ Bxe6 12. Bxe6 Nf6 13. exf6 exf6 14. f5 g5 15. Qh5 Qe8 16. Qxe8+ Rxe8 17. Bd2 h5 18. b3 Bh6 19. a4 b4 20. Ne4 g4 21. Bxh6+ Rxh6 22. a5 Nd7 23. Nxd6 cxd6 24. Bxd7 Re4 25. Rfe1 Rxd4 26. Re8+ Kg7 27. Re7+ Kh8 28. Bb5 g3 29. Bxa6 gxh2+ 30. Kxh2 h4 31. Bd3 1-0

[Event "HUN-chT2 Erkel 0809"]
[Site "Hungary"]
[Date "2009.01.11"]
[Round "5.4"]
[White "Ruttkay, Peter"]
[Black "Gelle, Istvan"]
[Result "1/2-1/2"]
[WhiteElo "2176"]
[BlackElo "2352"]
[PlyCount "44"]
[EventDate "2008.10.26"]
[EventType "team-tourn"]
[EventRounds "11"]
[EventCountry "HUN"]
[SourceTitle "EXT 2010"]
[Source "ChessBase"]
[SourceDate "2010.11.25"]
[SourceVersion "1"]
[SourceVersionDate "2010.11.25"]
[SourceQuality "1"]
[WhiteTeam "Godollo"]
[BlackTeam "TTC"]
[WhiteTeamCountry "HUN"]
[BlackTeamCountry "HUN"]

1. Nf3 d5 2. g3 Bf5 3. d3 e6 4. Bg2 Nf6 5. 0-0 h6 6. e3 Be7 7. Qe2 0-0 8. b3 a5 9. a3 Na6 10. Nbd2 Nc5 11. Bb2 c6 12. Rad1 Qb6 13. Ne5 Qa6 14. Rfe1 Rad8 15. g4 Bh7 16. f4 Ne8 17. Nf1 Nd6 18. Ng3 f6 19. Nf3 Rfe8 20. Nh5 Bg6 21. Bf1 Nd7 22. Qg2 Nf7 1/2-1/2

[Event "HUN-chT2 Erkel 0708"]
[Site "Hungary"]
[Date "2007.11.11"]
[Round "2"]
[White "Ruttkay, Peter"]
[Black "Takacs, Lajos"]
[Result "1-0"]
[WhiteElo "2156"]
[BlackElo "2229"]
[PlyCount "65"]
[EventDate "2007.10.14"]
[EventType "team"]
[EventRounds "11"]
[EventCountry "HUN"]
[SourceTitle "EXT 2009"]
[Source "ChessBase"]
[SourceDate "2008.11.26"]
[SourceVersion "1"]
[SourceVersionDate "2008.11.26"]
[SourceQuality "1"]
[WhiteTeam "Godollo"]
[BlackTeam "Ujszasz"]
[WhiteTeamCountry "HUN"]
[BlackTeamCountry "HUN"]

1. Nf3 g6 2. g3 Bg7 3. Bg2 e5 4. e4 c5 5. Nc3 Nc6 6. d3 d6 7. h3 Nge7 8. Nd2 0-0 9. 0-0 f5 10. f4 exf4 11. gxf4 Nd4 12. Nc4 b5 13. e5 bxc4 14. Bxa8 d5 15. dxc4 Ba6 16. Bxd5+ Nxd5 17. cxd5 Qh4 18. Kg2 Bxf1+ 19. Qxf1 Nxc2 20. Rb1 g5 21. Bd2 Bh6 22. Ne2 gxf4 23. Qf3 Kh8 24. Kh1 Rg8 25. Rg1 Rxg1+ 26. Kxg1 Ne1 27. Bxe1 Qxe1+ 28. Kg2 Qh4 29. d6 Qg5+ 30. Kh1 Qd8 31. Nxf4 Qe8 32. Nh5 Bf8 33. Qxf5 1-0

[Event "HUN-chT2 Erkel 0607"]
[Site "Hungary"]
[Date "2006.11.26"]
[Round "2"]
[White "Martini, Balazs"]
[Black "Ruttkay, Peter"]
[Result "1/2-1/2"]
[WhiteElo "2308"]
[BlackElo "2186"]
[PlyCount "114"]
[EventDate "2006.11.12"]
[EventType "team"]
[EventRounds "11"]
[EventCountry "HUN"]
[SourceTitle "EXT 2008"]
[Source "ChessBase"]
[SourceDate "2007.11.25"]
[SourceVersion "1"]
[SourceVersionDate "2007.11.25"]
[SourceQuality "1"]
[WhiteTeam "Hobagoly"]
[BlackTeam "Godollo"]
[WhiteTeamCountry "HUN"]
[BlackTeamCountry "HUN"]

1. d4 g6 2. Bf4 Bg7 3. Nf3 d6 4. e3 Nf6 5. Be2 0-0 6. h3 b6 7. a4 a6 8. 0-0 Bb7 9. Nbd2 Nbd7 10. c3 e6 11. Bh2 Qe7 12. Qb3 e5 13. Qa3 e4 14. Ne1 Kh8 15. b4 Ng8 16. Rc1 f5 17. c4 a5 18. bxa5 Rxa5 19. Nb3 Ra6 20. c5 dxc5 21. dxc5 Bc6 22. a5 bxa5 23. Nc2 Bd5 24. Ncd4 Ne5 25. Nb5 Raa8 26. N3d4 g5 27. c6 Qf7 28. Rc5 f4 29. Rxd5 Qxd5 30. Nxc7 Qf7 31. Nxa8 Rxa8 32. Qd6 Re8 33. Qc5 f3 34. gxf3 exf3 35. Ba6 Qh5 36. Rd1 Qxh3 37. Bf1 Qg4+ 38. Kh1 Qh5 39. Kg1 Ng4 40. Bg3 Be5 41. Nxf3 Bxg3 42. fxg3 Ne5 43. Nxe5 Qxd1 44. Qc3 Kg7 45. c7 Qd6 46. Nc4+ Qf6 47. Qxf6+ Nxf6 48. Nd6 Rf8 49. c8Q Rxc8 50. Nxc8 a4 51. Nd6 Nd5 52. Kf2 a3 53. Nf5+ Kf6 54. Nd4 Nb4 55. Nb3 a2 56. Ke2 h5 57. Kd2 Ke5 1/2-1/2

[Event "HUN-chT2 Erkel 0506"]
[Site "Hungary"]
[Date "2005.12.04"]
[Round "5"]
[White "Ruttkay, Peter"]
[Black "Czegledi, Laszlo"]
[Result "0-1"]
[WhiteElo "2186"]
[BlackElo "2179"]
[PlyCount "74"]
[EventDate "2005.10.16"]
[EventType "team"]
[EventRounds "11"]
[EventCountry "HUN"]
[SourceTitle "EXT 2009"]
[Source "ChessBase"]
[SourceDate "2008.11.26"]
[SourceVersion "1"]
[SourceVersionDate "2008.11.26"]
[SourceQuality "1"]
[WhiteTeam "Godollo"]
[BlackTeam "Szekuritas"]
[WhiteTeamCountry "HUN"]
[BlackTeamCountry "HUN"]

1. Nf3 d5 2. g3 Nf6 3. Bg2 c6 4. d3 Bg4 5. Nbd2 Nbd7 6. h3 Bh5 7. c4 e5 8. 0-0 Bd6 9. Nh4 0-0 10. Nf5 Bc7 11. cxd5 cxd5 12. b4 Re8 13. g4 Bg6 14. e4 Nf8 15. Nb3 Ne6 16. Nc5 Nxc5 17. bxc5 Bxf5 18. exf5 e4 19. g5 Nd7 20. dxe4 dxe4 21. Qg4 Nxc5 22. Rd1 Qe7 23. Ba3 e3 24. Bxc5 Qxc5 25. fxe3 Qxe3+ 26. Kh1 Qe5 27. Kg1 Qh2+ 28. Kf1 Bb6 29. Rd4 Qe5 30. Rad1 Bxd4 31. Qxd4 Qxf5+ 32. Qf2 Qxg5 33. Rb1 Rad8 34. Bxb7 Rd2 35. Qf3 Re3 36. Qg4 Qf6+ 37. Bf3 Qxf3+ 0-1

[Event "HUN-chT2 Erkel 0506"]
[Site "Hungary"]
[Date "2005.10.16"]
[Round "1"]
[White "Ruttkay, Peter"]
[Black "Teglas, Balazs"]
[Result "1/2-1/2"]
[WhiteElo "2186"]
[BlackElo "2000"]
[PlyCount "102"]
[EventDate "2005.10.16"]
[EventType "team"]
[EventRounds "11"]
[EventCountry "HUN"]
[SourceTitle "EXT 2009"]
[Source "ChessBase"]
[SourceDate "2008.11.26"]
[SourceVersion "1"]
[SourceVersionDate "2008.11.26"]
[SourceQuality "1"]
[WhiteTeam "Godollo"]
[BlackTeam "Foti"]
[WhiteTeamCountry "HUN"]
[BlackTeamCountry "HUN"]

1. g3 d5 2. Bg2 c5 3. Nf3 Nc6 4. 0-0 e5 5. d3 f6 6. c3 Be6 7. Nbd2 Qd7 8. e4 Nge7 9. Re1 d4 10. c4 g5 11. a3 Ng6 12. Kf1 h5 13. h4 gxh4 14. Nxh4 Nxh4 15. gxh4 Bg4 16. Nf3 Bh6 17. Bxh6 Rxh6 18. b4 Nd8 19. Qd2 Rg6 20. Ng1 Qg7 21. f4 exf4 22. Qxf4 Ne6 23. Qf2 Qc7 24. Bh3 Bxh3+ 25. Nxh3 Qg3 26. Qxg3 Rxg3 27. Nf2 Nf4 28. e5 0-0-0 29. Re4 fxe5 30. Rxe5 Rdg8 31. Rxc5+ Kb8 32. Rg5 R8xg5 33. hxg5 Rxg5 34. Re1 Rf5 35. Re8+ Kc7 36. Ke1 Ng2+ 37. Ke2 Nf4+ 38. Kd2 h4 39. Rh8 Ng6 40. Rh7+ Kc6 41. Ne4 Ne5 42. b5+ Kb6 43. Rxb7+ Kxb7 44. Nd6+ Kb6 45. Nxf5 h3 46. Ng3 h2 47. Ke2 Kc5 48. Nh1 Nxc4 49. dxc4 Kxc4 50. Kd2 Kb3 51. Kd3 Kxa3 1/2-1/2

[Event "HUN-chT2 Erkel 0405"]
[Site "Hungary"]
[Date "2004.12.19"]
[Round "6"]
[White "Ruttkay, Peter"]
[Black "Jagicza, Istvan"]
[Result "1/2-1/2"]
[WhiteElo "2143"]
[BlackElo "2229"]
[PlyCount "50"]
[EventDate "2004.09.26"]
[EventType "team"]
[EventRounds "11"]
[EventCountry "HUN"]
[SourceTitle "EXT 2009"]
[Source "ChessBase"]
[SourceDate "2008.11.26"]
[SourceVersion "1"]
[SourceVersionDate "2008.11.26"]
[SourceQuality "1"]
[WhiteTeam "Godollo"]
[BlackTeam "Fuzesabony"]
[WhiteTeamCountry "HUN"]
[BlackTeamCountry "HUN"]

1. b4 d5 2. Bb2 Bf5 3. Nf3 e6 4. a3 h6 5. Nd4 Bg6 6. Nb3 Nf6 7. d3 Be7 8. g3 0-0 9. Bg2 Nbd7 10. 0-0 c5 11. c3 Rc8 12. N1d2 b6 13. b5 a5 14. c4 d4 15. Nf3 Ng4 16. Nbd2 f5 17. h3 Ngf6 18. Re1 e5 19. e3 Bd6 20. exd4 cxd4 21. Nb3 Bh5 22. Qd2 a4 23. Nbxd4 exd4 24. Nxd4 Bg6 25. Ne6 Qe7 1/2-1/2

[Event "HUN-chT2 Erkel 0304"]
[Site "Hungary"]
[Date "2003.11.30"]
[Round "4"]
[White "Ruttkay, Peter"]
[Black "Bodi, Tamas"]
[Result "0-1"]
[WhiteElo "2163"]
[BlackElo "2142"]
[PlyCount "94"]
[EventDate "2003.09.28"]
[EventType "team"]
[EventRounds "11"]
[EventCountry "HUN"]
[SourceTitle "EXT 2009"]
[Source "ChessBase"]
[SourceDate "2008.11.26"]
[SourceVersion "1"]
[SourceVersionDate "2008.11.26"]
[SourceQuality "1"]
[WhiteTeam "Godollo"]
[BlackTeam "Heves"]
[WhiteTeamCountry "HUN"]
[BlackTeamCountry "HUN"]

1. Nf3 Nc6 2. g3 e5 3. d3 d6 4. Bg2 Be7 5. e4 Nf6 6. c3 0-0 7. 0-0 Ne8 8. Nbd2 Kh8 9. Nc4 Be6 10. Ne3 Qd7 11. d4 exd4 12. Nxd4 Nxd4 13. cxd4 Bh3 14. Qd3 Bxg2 15. Kxg2 c6 16. Bd2 Nc7 17. b4 Rfe8 18. f3 Rad8 19. Rad1 Bf8 20. Bc3 d5 21. e5 b5 22. f4 Na8 23. f5 Nb6 24. Rf3 Nc4 25. Ng4 Ra8 26. Bd2 a5 27. bxa5 b4 28. e6 fxe6 29. f6 Rxa5 30. Ne5 Nxe5 31. dxe5 Rxa2 32. Kh1 c5 33. Bg5 Ra3 34. Qf1 Rxf3 35. Qxf3 c4 36. Rf1 b3 37. fxg7+ Bxg7 38. Qh5 b2 39. Bf6 Rb8 40. Rb1 c3 41. Qe2 d4 42. Qc2 Qc6+ 43. Kg1 Qf3 44. Bxg7+ Kxg7 45. Qa4 Qe3+ 46. Kg2 Qe4+ 47. Kh3 Rd8 0-1

[Event "HUN-chT2 Erkel 0203"]
[Site "Hungary"]
[Date "2003.04.13"]
[Round "11"]
[White "Fazekas, Marton"]
[Black "Ruttkay, Peter"]
[Result "0-1"]
[WhiteElo "2147"]
[BlackElo "2148"]
[PlyCount "64"]
[EventDate "2002.09.22"]
[EventType "team"]
[EventRounds "11"]
[EventCountry "HUN"]
[SourceTitle "EXT 2009"]
[Source "ChessBase"]
[SourceDate "2008.11.26"]
[SourceVersion "1"]
[SourceVersionDate "2008.11.26"]
[SourceQuality "1"]

1. e4 g6 2. d4 Bg7 3. f4 d6 4. Nf3 Bg4 5. Be3 c6 6. Nc3 Qb6 7. Qd2 Bxf3 8. gxf3 Nd7 9. Na4 Qc7 10. c4 e6 11. Nc3 Ne7 12. Bh3 Qa5 13. Rg1 Nb6 14. Bf1 d5 15. c5 Nd7 16. a3 Qc7 17. b4 b6 18. b5 bxc5 19. bxc6 Qxc6 20. Bb5 Qc7 21. Na4 c4 22. Nc5 Nc6 23. Na6 Qc8 24. Nb4 Ne7 25. f5 a6 26. Ba4 a5 27. Bg5 axb4 28. Qxb4 Bf8 29. Bf4 Nxf5 30. Qb5 Nxd4 31. Qb2 Bg7 32. Kf2 Rxa4 0-1

[Event "HUN-chT2 Erkel 0203"]
[Site "Hungary"]
[Date "2003.04.06"]
[Round "10"]
[White "Ruttkay, Peter"]
[Black "Kolus, Lajos"]
[Result "0-1"]
[WhiteElo "2148"]
[BlackElo "2209"]
[PlyCount "72"]
[EventDate "2002.09.22"]
[EventType "team"]
[EventRounds "11"]
[EventCountry "HUN"]
[SourceTitle "EXT 2009"]
[Source "ChessBase"]
[SourceDate "2008.11.26"]
[SourceVersion "1"]
[SourceVersionDate "2008.11.26"]
[SourceQuality "1"]

1. g3 e5 2. Bg2 f5 3. d3 d6 4. c3 Nf6 5. Nd2 c6 6. e4 Be7 7. Nc4 0-0 8. Bg5 h6 9. Bxf6 Bxf6 10. Qh5 Be7 11. Ne3 f4 12. Nc4 b5 13. Nd2 Nd7 14. Qe2 a5 15. h4 Nf6 16. gxf4 exf4 17. Bf3 Nd7 18. h5 b4 19. Bg4 Ne5 20. Bxc8 Qxc8 21. d4 Nf7 22. cxb4 axb4 23. Nh3 Bg5 24. Nf3 Qe6 25. a4 bxa3 26. bxa3 c5 27. dxc5 dxc5 28. Nfxg5 hxg5 29. f3 g4 30. fxg4 Ne5 31. 0-0 f3 32. Qa2 c4 33. Nf2 Nxg4 34. Nxg4 Qxg4+ 35. Kf2 Qxe4 36. Rae1 Qg4 0-1